000
00494nam a2200181Ia 4500
008
090124s9999 xx 000 0 und d
082
_b
116326
100
_a
आपटे हरि नारायण
245
_a
कालकूट
250
_a
1
260
_c
1975
300
_a
80
600
_a
आपटे हरि नारायण
630
_a
कालकूट
700
_a
आपटे हरि नारायण
730
_a
कालकूट
942
_c
BOOK
999
_c
162417
_d
162417